| 000 | 01665nam a22003377a 4500 | ||
|---|---|---|---|
| 003 | OSt | ||
| 005 | 20260416105646.0 | ||
| 008 | 260416t2019 xxu||||| |||| 00| 0 eng d | ||
| 020 | _a9780323543873 | ||
| 040 |
_aUnicoc _bspa _c00001 _d00001 |
||
| 082 | _a617.643 | ||
| 100 |
_97905 _aProffit, William R. |
||
| 245 |
_aContemporary orthodontics _c/ William R. Proffit, Henry W. Fields, Brent Larson, David M. Sarver |
||
| 250 | _a6 Ed. | ||
| 260 |
_aEspaña : _bElsevier , _c2019. |
||
| 300 |
_a736 páginas _bIustraciones |
||
| 500 | _aIncluye índice y bibliografía. | ||
| 505 |
_tSección I: The orthodontic problem. -- _tSección II: The development of orthodontic problems. -- _tSección III: Diagnosis and treatment planning. -- _tSección IV: Biomechanics, mechanics and contemporary orthodontic appliances. -- _tSección V: Treatment in preadolescent children. -- _tSección VI: Growth modification. -- _tSección VII: Comprehensive orthodontic treatment in the early permanent dentition. -- _tSección VIII: Treatment for adults. |
||
| 526 | _5Unicoc | ||
| 546 | _aInglés | ||
| 650 | 0 |
_9178 _aAparatos ortodóncicos |
|
| 650 | 0 |
_9506 _aTratamiento endodóncico |
|
| 650 | 0 |
_9176 _aOrtodoncia correctiva |
|
| 650 | 0 |
_94361 _aOrtodoncia |
|
| 658 | 0 |
_911722 _aEspecialización en Ortodoncia y Ortopedia Maxilar |
|
| 700 |
_9697 _aFields, Henry W. |
||
| 700 |
_9702 _aSarver, David M. |
||
| 700 |
_9699 _aAckerman James L. |
||
| 856 |
_yAcceso online exclusivo para comunidad Unicoc. _uhttps://unicoceduco-my.sharepoint.com/:b:/g/personal/direccionbiblioteca_unicoc_edu_co/IQDtp2JbHkWBTIELrX-fS4t4Aa7oO25BJKWP8nRMUrmT3Gw |
||
| 942 |
_2ddc _cEBOOK |
||
| 999 |
_c10861 _d10861 |
||